[Event "Colonia de Sant Jordi op 2nd"]
[Site "Colonia de Sant Jordi"]
[Date "2023.06.12"]
[Round "3"]
[White "Schmuck, Corentin"]
[Black "Gubanov, Oleg"]
[Result "0-1"]
[WhiteElo "2092"]
[BlackElo "2278"]
[PlyCount "84"]
[EventDate "2023.06.10"]
[EventType "swiss"]
[EventRounds "9"]
[EventCountry "ESP"]
[SourceTitle "CBM 214 Extra"]
[Source "ChessBase"]
[SourceDate "2023.07.31"]
[SourceVersion "1"]
[SourceVersionDate "2023.07.31"]
[SourceQuality "1"]

1. e4 c6 2. d4 d5 3. e5 Bf5 4. g4 Bg6 5. h4 h5 6. e6 fxe6 7. Bd3 Bxd3 8. Qxd3 hxg4 9. Qg6+ Kd7 10. Qxg4 Nf6 11. Qe2 Qa5+ 12. Nc3 c5 13. dxc5 Nc6 14. Bd2 Qxc5 15. Nf3 Rc8 16. 0-0-0 d4 17. Bf4 Ke8 18. Qd3 Qf5 19. Qxf5 exf5 20. Nxd4 Nxd4 21. Rxd4 e6 22. f3 Bc5 23. Rd3 Rd8 24. Rxd8+ Kxd8 25. Bg5 Ke7 26. Rd1 Bf2 27. Rh1 Rh5 28. Rh2 Bg3 29. Rg2 Be5 30. Nd1 Kf7 31. c4 Nh7 32. f4 Nxg5 33. fxe5 Nf3 34. Re2 Rxh4 35. b3 g5 36. Kb2 Rh2 37. Rxh2 Nxh2 38. Kc3 g4 39. Kd4 Nf3+ 40. Kc5 g3 41. Ne3 Nh4 42. Kd6 g2 0-1

[Event "Sitges Sunway op 9th"]
[Site "Sitges"]
[Date "2022.12.15"]
[Round "4"]
[White "Reprintsev, Alexander"]
[Black "Schmuck, Corentin"]
[Result "1-0"]
[WhiteElo "2330"]
[BlackElo "2040"]
[PlyCount "91"]
[EventDate "2022.12.12"]
[EventType "swiss"]
[EventRounds "10"]
[EventCountry "ESP"]
[SourceTitle "CBM 211 Extra"]
[Source "ChessBase"]
[SourceDate "2023.01.31"]
[SourceVersion "1"]
[SourceVersionDate "2023.01.31"]
[SourceQuality "1"]

1. e4 e6 2. d4 d5 3. Nc3 Bb4 4. Nge2 dxe4 5. a3 Bxc3+ 6. Nxc3 Nc6 7. Bb5 Nge7 8. Bg5 f6 9. Be3 0-0 10. Qd2 f5 11. 0-0-0 a6 12. Bxc6 Nxc6 13. f3 exf3 14. gxf3 e5 15. d5 Ne7 16. Rhg1 f4 17. Bc5 b6 18. d6 bxc5 19. dxe7 Qxe7 20. Qd5+ Be6 21. Qxe5 Rae8 22. Ne4 Bf5 23. Qxe7 Rxe7 24. Nxc5 Re3 25. Rgf1 Rf6 26. Rf2 Rc6 27. Rd5 g6 28. a4 Kf7 29. b4 a5 30. b5 Be6 31. Nxe6 Kxe6 32. Rd4 Ke5 33. Rd7 Rc4 34. Rxh7 Rd3 35. Re2+ Kf5 36. Rf7+ Kg5 37. h4+ Kxh4 38. Rg2 Rc5 39. Rg4+ Kh3 40. Rxg6 Rh5 41. Rxf4 Rh4 42. Rxh4+ Kxh4 43. Rg4+ Kh5 44. Rc4 Rxf3 45. Rxc7 Rf4 46. c4 1-0

[Event "Sitges Sunway op 9th"]
[Site "Sitges"]
[Date "2022.12.14"]
[Round "3"]
[White "Schmuck, Corentin"]
[Black "Md, Imran"]
[Result "0-1"]
[WhiteElo "2040"]
[BlackElo "2279"]
[PlyCount "86"]
[EventDate "2022.12.12"]
[EventType "swiss"]
[EventRounds "10"]
[EventCountry "ESP"]
[SourceTitle "CBM 211 Extra"]
[Source "ChessBase"]
[SourceDate "2023.01.31"]
[SourceVersion "1"]
[SourceVersionDate "2023.01.31"]
[SourceQuality "1"]

1. e4 c5 2. Nf3 Nc6 3. d4 cxd4 4. Nxd4 g6 5. c4 Bg7 6. Be3 Qb6 7. Nb3 Qc7 8. Qd2 Nf6 9. Nc3 0-0 10. Be2 b6 11. Rc1 Bb7 12. f3 Rac8 13. 0-0 Qb8 14. Rfd1 Rfd8 15. Bf1 d6 16. Qf2 e6 17. Bf4 Ne5 18. Nb5 Ne8 19. Qg3 a6 20. N5d4 Rd7 21. Rc2 Rdc7 22. Rdc1 Nf6 23. Qf2 Nfd7 24. Be3 Qa8 25. a4 Nc5 26. Nxc5 bxc5 27. Ne2 Nd3 28. Qg3 Nxc1 29. Bxc1 Bc6 30. b3 Qb8 31. Qxd6 Qxb3 32. Rd2 Rd7 33. Qxc5 Bf8 34. Qf2 Qxc4 35. Nd4 Qxc1 36. Rc2 Qa3 37. Nxc6 Rdc7 38. Ra2 Qc1 39. Rc2 Qa1 40. Qb6 Rxc6 41. Rxc6 Rxc6 42. Qxc6 Qd4+ 43. Kh1 Bc5 0-1